000 00427nam a2200181Ia 4500
005 20240823042744.0
008 240823s9999||||xx |||||||||||||| ||und||
041 _aENGLISH
082 _A658.81 N2
100 _a"Lizardy,Andoni"
245 0 _aClosing Tactics
250 _a1st
260 _c1992
_b"Avant Books,California"
500 _aYES
650 _aManagement
_bManagement Studies
942 _cBK
999 _c208610
_d208610